| 000 | 01144 a2200301 4500 | ||
|---|---|---|---|
| 999 |
_c11153 _d11153 |
||
| 020 | _a8188826081 | ||
| 050 | 0 | 0 |
_aRB46.5 _bJOS 2003 |
| 100 | 1 |
_aK.R.Joshi _eauthor |
|
| 245 | 1 | 0 |
_aImmunology and Serology / _cJoshi K.R and Osamo N.O |
| 264 |
_aIndia : _bStudent edition, _c2003 |
||
| 300 |
_a238 pages _billustrations |
||
| 336 |
_2rdacontent _atext _btxt |
||
| 337 |
_2rdamedia _aunmediated _bn |
||
| 338 |
_2rdacarrier _avolume _bnc |
||
| 500 | _aincludes index | ||
| 504 | _aIncludes bibliographical references (p. 487-502) and index. | ||
| 650 | 0 | _aImmunodiagnosis. | |
| 650 | 0 | _aImmunology. | |
| 650 | 0 | _aClinical immunology. | |
| 650 | 0 | _aSerology. | |
| 700 | _aJoshi K.R | ||
| 700 | _aOsamo N.O | ||
| 856 | 4 | 2 |
_3Contributor biographical information _uhttp://www.loc.gov/catdir/enhancements/fy1103/2002280630-b.html |
| 856 | 4 | 2 |
_3Publisher description _uhttp://www.loc.gov/catdir/enhancements/fy1103/2002280630-d.html |
| 856 | 4 | 1 |
_3Table of contents only _uhttp://www.loc.gov/catdir/enhancements/fy1103/2002280630-t.html |
| 942 |
_2lcc _cBK _h46.5 _iJOS _kRB |
||